Lagi Lentok! [ 16 Lagu-lagu terunggul Eddie Hamid
| Format: | Book |
|---|---|
| Published: |
Kuala Lumpur :
FMC Music Sdn Bhd ,
20-
|
| Subjects: |
MARC
| LEADER | 00000cam a2200000 7i4500 | ||
|---|---|---|---|
| 001 | 0000132790 | ||
| 005 | 20090605.0 | ||
| 090 | 0 | 0 | |a MUZ |b LAG |
| 245 | 0 | 0 | |a Lagi Lentok! [ |h cd music] : |b 16 Lagu-lagu terunggul Eddie Hamid |
| 260 | |a Kuala Lumpur : |b FMC Music Sdn Bhd , |c 20- | ||
| 300 | |a 2 CD music (180 minutes) | ||
| 500 | |a Library has 1 copy | ||
| 650 | 0 | 0 | |a Songs |
| 650 | 0 | 0 | |a Songs, Malay |
| 999 | |a AV 22864 |b CD AUDIO |c PINJAMAN |e PERPUSTAKAAN KOMUNITI PETALING JAYA | ||